The new Knowing about Number / (Record no. 5627)
[ view plain ]
| 000 -LEADER | |
|---|---|
| fixed length control field | 00681nam a22002417a 4500 |
| 001 - CONTROL NUMBER | |
| JCCL Control Number | 5627 |
| 003 - CONTROL NUMBER IDENTIFIER | |
| JCCL marc code | BD-JhCC |
| 005 - DATE AND TIME OF LATEST TRANSACTION | |
| control field | 20171219110103.0 |
| 008 - FIXED-LENGTH DATA ELEMENTS--GENERAL INFORMATION | |
| fixed length control field | 171219b xxu||||| |||| 00| 0 eng d |
| 035 ## - SYSTEM CONTROL NUMBER | |
| system control number | (BD-JhCC)5627 |
| 040 ## - CATALOGING SOURCE | |
| Original cataloging agency | BD-JhCC |
| Modifying agency | BD-JhCC |
| 041 ## - LANGUAGE CODE | |
| Language code of Book | eng |
| 082 ## - DEWEY DECIMAL CLASSIFICATION NUMBER | |
| Classification number | 511 |
| Author mark and Year | BRU 1959 |
| 100 ## - MAIN ENTRY--PERSONAL NAME | |
| Personal name | Brueckner, Leo J. |
| 245 ## - TITLE STATEMENT | |
| Title | The new Knowing about Number / |
| Remainder of title | Leo J. Brueckner, Foster E. Grossnickle and Elda L. Merton |
| 260 ## - PUBLICATION, DISTRIBUTION, ETC. (IMPRINT) | |
| Place of publication, distribution, etc | Philadelphia : |
| Name of publisher, distributor, etc | The John C. Winston Company, |
| Date of publication, distribution, etc | 1959. |
| 300 ## - PHYSICAL DESCRIPTION | |
| Pagination | 410 p. : |
| Other physical details | ills; |
| Dimensions | 25 cm. |
| 650 ## - SUBJECT ADDED ENTRY--TOPICAL TERM | |
| Topical term or geographic name as entry element | Arithmatic |
| 700 ## - ADDED ENTRY--PERSONAL NAME | |
| Personal name | Grossnickle, Foster E. |
| 700 ## - ADDED ENTRY--PERSONAL NAME | |
| Personal name | Merton, Elda L. |
| 942 ## - ADDED ENTRY ELEMENTS (KOHA) | |
| Source of classification or shelving scheme | Dewey Decimal Classification |
| Koha item type | Books |
| Source of classification or shelving scheme | Damaged status | Not for loan | Home library | Current library | Shelving location | Total Checkouts | Full call number | Barcode | Date last seen | Copy number | Koha item type |
|---|---|---|---|---|---|---|---|---|---|---|---|
| Dewey Decimal Classification | JCC Rouf Library | JCC Rouf Library | General Stacks | 511 BRU 1959 | 7796 | 12/19/2017 | C - 1 | Books |